000 00540nam a2200193Ia 4500
003 GCL
008 140319s9999 xx 000 0 eng d
040 _aGCL /
_cGCL
082 0 4 _a724.9
_bT A
100 1 _aTZONIS, ALEXANDER
245 1 0 _aARCHITECTURE IN EUROPE: MEMORY AND INVENTION SINCE 1968 /
_cTZONIS, ALEXANDER
700 1 _aLEFAIVRE, LIANE
260 _a[S.N] :
_bTHAMES AND HUDSON ،
_c1919
300 _a312
650 0 4 _aARCHITECTURE
650 0 4 _aARCHITECTURE, MODERN
650 0 4 _aARCHITECTURE, EUROPE
942 _2ddc
_cBK
999 _c24287
_d24287